Central Library OPAC University of Rajshahi

Sectionally pseudocomplemented distributive nearlattices / (Record no. 80837)

MARC details
000 -LEADER
fixed length control field 00862nam a22002417a 4500
001 - CONTROL NUMBER
RUCL Control Number 80837
003 - CONTROL NUMBER IDENTIFIER
rucl marc code BD-RjUL
005 - DATE AND TIME OF LATEST TRANSACTION
control field 20230607104516.0
008 - FIXED-LENGTH DATA ELEMENTS--GENERAL INFORMATION
fixed length control field 221123s1998 bg a|||| m||| 00| 0 eng d
035 ## - SYSTEM CONTROL NUMBER
system control number (BD-RjUL)80837
040 ## - CATALOGING SOURCE
Original cataloging agency BD-RjUL
Language of cataloging eng
Transcribing agency BD-RjUL
Modifying agency BD-RjUL
041 ## - LANGUAGE CODE
Language code of Book eng
082 ## - DEWEY DECIMAL CLASSIFICATION NUMBER
DDC Edition number 23
Classification number 511.33
Author mark and Year ISS 1998
100 ## - MAIN ENTRY--PERSONAL NAME
Personal name Islam, A.K.M. Sirajul
9 (RLIN) 5999
245 10 - TITLE STATEMENT
Title Sectionally pseudocomplemented distributive nearlattices /
Statement of responsibility, etc by A.K.M. Sirajul Islam ;
Name of Supervisor/Co-Supervisor Supervisor : A. S. A. Noor
260 ## - PUBLICATION, DISTRIBUTION, ETC. (IMPRINT)
Place of publication, distribution, etc Rajshahi :
Name of publisher, distributor, etc Department of Mathematics, University of Rajshahi,
Date of publication, distribution, etc 1998
300 ## - PHYSICAL DESCRIPTION
Pagination (vi), 112 leaves :
Other physical details ill, ;
Dimensions 29.cm.
502 ## - DISSERTATION NOTE
Dissertation note Thesis (Ph. D.) -- Department of Mathematics, University of Rajshahi, 1998
504 ## - BIBLIOGRAPHY, ETC. NOTE
Bibliography, etc References : Leaves 106 - 112
650 ## - SUBJECT ADDED ENTRY--TOPICAL TERM
Topical term or geographic name as entry element Lattices
9 (RLIN) 6000
700 ## - ADDED ENTRY--SUPERVISOR/CO-SUPERVISOR NAME
Personal name Noor, A. S. A. Supervisor
9 (RLIN) 4812
942 ## - ADDED ENTRY ELEMENTS (KOHA)
Source of classification or shelving scheme Dewey Decimal Classification
Koha item type Theses
Holdings
Source of classification or shelving scheme Damaged status Not for loan Collection code Permanent Location Current Location Shelving location Date of accession Source of acquisition Total Checkouts Full call number Barcode Date last seen Copy number Thesis
Dewey Decimal Classification   Not For Loan Theses Central Library, University of Rajshahi Central Library, University of Rajshahi Documentation Section 11/12/1999 Controller of Exam. R.U.   THE 511.33 ISS 1998 D1940 23/11/2022 C-1 Theses